Riadenie ľudských zdrojov v zdravotníckych zariadeniach na slovensku v kontexte industry 4.0

Vymedzenie riadenia ľudských zdrojov v zdravotníckych zariadeniach v kontexte Industry (Health-Care 4.0) a preskúmanie vnímania týchto pojmov zdravotníckymi manažérmi.

Gespeichert in:
Bibliographische Detailangaben
1. Verfasser: Jankelová, Nadežda, 1966-
Weitere Verfasser: Rašovec, Ondrej, Valenčík, Tomáš
Format: Buchkapitel
Sprache:Slowakisch
Schlagworte:
Tags: Tag hinzufügen
Keine Tags, Fügen Sie das erste Tag hinzu!

MARC

LEADER 00000naa$a2200000$$$4500
001 0269674
005 20240502083808.6
041 0 |a slo 
044 |a CZ 
245 1 0 |a Riadenie ľudských zdrojov v zdravotníckych zariadeniach na slovensku v kontexte industry 4.0  |c Nadežda Jankelová, Ondrej Rašovec, Tomáš Valenčík 
520 |a Vymedzenie riadenia ľudských zdrojov v zdravotníckych zariadeniach v kontexte Industry (Health-Care 4.0) a preskúmanie vnímania týchto pojmov zdravotníckymi manažérmi. 
610 2 0 |a riadenie ľudských zdrojov 
610 2 0 |a priemysel 4.0 
610 2 0 |a revolúcia priemyselná 
610 2 0 |a zdravotníctvo 
610 2 0 |a starostlivosť zdravotná 
100 1 |a Jankelová, Nadežda, 1966- 
700 1 |a Rašovec, Ondrej 
700 1 |a Valenčík, Tomáš